[Event "Women's Speed Chess Q2"]
[Site "chess.com INT"]
[Date "2021.05.29"]
[Round "8"]
[White "Chu, Ruotong"]
[Black "Rakshitta, Ravi"]
[Result "1-0"]
[WhiteTitle "WIM"]
[BlackTitle "WIM"]
[WhiteElo "2207"]
[BlackElo "2190"]
[WhiteFideId "8605653"]
[BlackFideId "25073230"]
[EventDate "2021.05.29"]

1. d4 Nf6 2. c4 Nc6 3. d5 Ne5 4. f4 Ng6 5. Nc3 e6 6. e4 Bb4 7. Bd3 Bxc3+ 8. bxc3
d6 9. Nf3 exd5 10. cxd5 O-O 11. O-O Re8 12. Re1 c6 13. c4 b5 14. dxc6 bxc4 15.
Bxc4 Qb6+ 16. Be3 Qxc6 17. Qb3 Be6 18. Bxe6 fxe6 19. Nd4 Qxe4 20. Bf2 Qd5 21.
Nxe6 Qxb3 22. axb3 Nd5 23. f5 Ngf4 24. Rxa7 Rxa7 25. Bxa7 g6 26. Rd1 gxf5 27.
Nxf4 Nxf4 28. Rxd6 Re1+ 29. Kf2 Rb1 30. g3 Ng6 31. Rb6 Ne5 32. Rb8+ Kf7 33. Bd4
Nd3+ 34. Kf3 Ne1+ 35. Kf4 Nc2 36. Be5 Ne1 37. Kg5 Nd3 38. Bd6 Ke6 39. Rb6 Kd5
40. Kxf5 Rf1+ 41. Kg5 Rf2 42. h4 Ne1 43. Bf4 Nf3+ 44. Kh6 Ne5 45. Rb5+ Ke6 46.
Rxe5+ Kf7 47. Rf5+ Kg8 48. Rg5+ Kf7 49. Kxh7 Rc2 50. Rf5+ Ke6 51. Re5+ Kf6 52.
Kh6 Rc8 53. Kh5 Rg8 54. Rg5 Rh8+ 55. Kg4 Rc8 56. Be5+ Kf7 57. h5 Rc2 58. h6 Rc8
59. h7 Ke6 60. h8=Q Rxh8 61. Bxh8 Kf7 62. Kh5 Kf8 63. Bc3 Ke7 64. g4 Kf7 65.
Rf5+ Kg8 66. Rg5+ Kh7 67. Rg7+ Kh8 68. Ra7+ Kg8 69. Kg6 Kf8 70. Ba5 Ke8 71. g5
Kf8 72. Kf6 Ke8 73. Re7+ Kf8 74. g6 Kg8 75. Re8# 1-0

[Event "Women's Speed Chess Q2"]
[Site "chess.com INT"]
[Date "2021.05.29"]
[Round "8"]
[White "Grigoryan, Meri"]
[Black "Balabayeva, Xeniya"]
[Result "0-1"]
[WhiteTitle "WFM"]
[BlackTitle "WFM"]
[WhiteElo "2044"]
[BlackElo "2178"]
[WhiteFideId "13300571"]
[BlackFideId "13719688"]
[EventDate "2021.05.29"]

1. d4 Nf6 2. c4 e6 3. Nc3 Bb4 4. Qc2 d5 5. e3 O-O 6. Nf3 c5 7. a3 Bxc3+ 8. Qxc3
cxd4 9. Nxd4 b6 10. Be2 Bb7 11. Bf3 Nbd7 12. cxd5 Nxd5 13. Qd2 Ne5 14. e4 Ne7
15. Qe3 Ba6 16. Be2 Bxe2 17. Kxe2 N7g6 18. Rd1 Qf6 19. Qg5 Qxg5 20. Bxg5 Rfe8
21. f4 Nc4 22. b3 Nd6 23. e5 Ne4 24. Rac1 Nxg5 25. fxg5 Nxe5 26. Rc7 Rec8 27.
Rdc1 Rd8 28. Ke3 Ng4+ 29. Ke4 h6 30. h3 Nf2+ 31. Ke3 hxg5 32. Nxe6 Rd3+ 33. Kxf2
fxe6 34. Rb7 Rf8+ 35. Ke2 Rxb3 36. Rcc7 Rb2+ 37. Ke3 Rb3+ 38. Ke2 Rb2+ 39. Ke3
Rb3+ 40. Ke4 Rf2 41. Rxg7+ Kf8 42. Rxg5 Re2+ 43. Kd4 Rxa3 44. Rgg7 Ra4+ 45. Kc3
Re3+ 46. Kd2 Rb3 47. Rgf7+ Ke8 48. Rfe7+ Kf8 49. Rf7+ Kg8 50. Rg7+ Kf8 51. Rbf7+
Ke8 52. Re7+ Kf8 53. Rgf7+ Kg8 54. Rg7+ Kf8 55. Ref7+ Ke8 56. Rb7 Ra2+ 57. Kc1
Kf8 58. Rgf7+ Ke8 59. Rxa7 Rg3 60. Rxa2 Kxf7 61. Rf2+ Ke7 62. Kd2 b5 63. Ke2 b4
64. h4 Rg4 65. h5 Rh4 66. g3 Rxh5 67. Rf4 Rb5 68. Rf1 b3 69. Rb1 Kf6 70. Kf3 Kg5
71. g4 b2 72. Kg3 Rb3+ 73. Kg2 Kxg4 74. Kf2 e5 75. Ke2 Kf4 76. Kd2 Ke4 77. Kc2
Rb8 78. Re1+ Kd4 79. Rd1+ Ke3 80. Re1+ Kf2 81. Rb1 e4 82. Kd2 e3+ 83. Kd3 e2 84.
Kc2 e1=Q 85. Rxe1 Kxe1 0-1

[Event "Women's Speed Chess Q2"]
[Site "chess.com INT"]
[Date "2021.05.29"]
[Round "9"]
[White "Sharma, Isha"]
[Black "Farhat Willemstein, Stela Souza"]
[Result "1-0"]
[WhiteTitle "WIM"]
[BlackTitle "WFM"]
[WhiteElo "2237"]
[BlackElo "1758"]
[WhiteFideId "35006665"]
[BlackFideId "2109808"]
[EventDate "2021.05.29"]

1. e4 c5 2. Nf3 d6 3. d4 cxd4 4. Nxd4 Nf6 5. Nc3 g6 6. f3 Bg7 7. Be3 O-O 8. Qd2
Nc6 9. O-O-O a6 10. g4 Nxd4 11. Bxd4 Be6 12. h4 Qa5 13. Kb1 Rac8 14. a3 b5 15.
Nd5 Qxd2 16. Nxe7+ Kh8 17. Rxd2 Rc7 18. h5 Rxe7 19. h6 Bxh6 20. Rxh6 Kg7 21. g5
Bc4 22. Bxf6+ Kg8 23. Rxh7 Kxh7 24. Rh2+ Kg8 25. Rh8# 1-0

[Event "Women's Speed Chess Q2"]
[Site "chess.com INT"]
[Date "2021.05.29"]
[Round "9"]
[White "Kulkarni, Bhakti"]
[Black "Socko, Monika"]
[Result "0-1"]
[WhiteTitle "IM"]
[BlackTitle "GM"]
[WhiteElo "2391"]
[BlackElo "2421"]
[WhiteFideId "5019516"]
[BlackFideId "1106619"]
[EventDate "2021.05.29"]

1. d4 Nf6 2. Nf3 e6 3. e3 b6 4. Bd3 Bb7 5. O-O c5 6. c4 Be7 7. Nc3 cxd4 8. exd4
O-O 9. d5 Na6 10. Bc2 exd5 11. cxd5 d6 12. a3 Nc7 13. Qd3 Ba6 14. Qd4 Bxf1 15.
Kxf1 Qd7 16. h3 Nb5 17. Nxb5 Qxb5+ 18. Bd3 Qc5 19. Qxc5 bxc5 20. Bd2 Rab8 21. b4
Nxd5 22. Bc4 Bf6 23. Rd1 Nb6 24. Bb5 c4 25. Bf4 Rbd8 26. Bxd6 Be7 0-1

[Event "Women's Speed Chess Q2"]
[Site "chess.com INT"]
[Date "2021.05.29"]
[Round "9"]
[White "Nandhidhaa, P V"]
[Black "Zakirova, Aisha"]
[Result "1/2-1/2"]
[WhiteTitle "WGM"]
[BlackTitle "WCM"]
[WhiteElo "2365"]
[BlackElo "1585"]
[WhiteFideId "5050847"]
[BlackFideId "13719734"]
[EventDate "2021.05.29"]

1. e4 c5 2. Nf3 d6 3. d4 cxd4 4. Qxd4 Nc6 5. Qe3 Nf6 6. h3 g6 7. b3 Bg7 8. Bb2
O-O 9. Be2 Qb6 10. Qxb6 axb6 11. Bd3 Nb4 12. a3 Nxd3+ 13. cxd3 Be6 14. Nbd2 Rfc8
15. Nd4 Nd7 16. Ke2 Nc5 17. Rhc1 Nxb3 18. N2xb3 Bxb3 19. Rab1 Ba2 20. Ra1 Be6
21. Rab1 Ba2 22. Ra1 Be6 23. Rab1 Ba2 1/2-1/2

[Event "Women's Speed Chess Q2"]
[Site "chess.com INT"]
[Date "2021.05.29"]
[Round "9"]
[White "Singgih, Diajeng Theresa"]
[Black "Frattini, Beatriz Maria"]
[Result "0-1"]
[WhiteTitle "WFM"]
[BlackTitle "WCM"]
[WhiteElo "1972"]
[BlackElo "1854"]
[WhiteFideId "7104391"]
[BlackFideId "22715002"]
[EventDate "2021.05.29"]

1. e4 c5 2. Nf3 d6 3. c3 Nf6 4. d4 Nxe4 5. Bd3 Nf6 6. O-O cxd4 7. cxd4 g6 8. Nc3
Bg7 9. Bg5 O-O 10. Qd2 Re8 11. Bh6 Bh8 12. Ne4 Nc6 13. Neg5 Ng4 14. Nxf7 Kxf7
15. Ng5+ Kg8 16. d5 Nce5 17. Qf4 Nxh6 0-1

[Event "Women's Speed Chess Q2"]
[Site "chess.com INT"]
[Date "2021.05.29"]
[Round "9"]
[White "Bodnaruk, Anastasia"]
[Black "Cyfka, Karina"]
[Result "1-0"]
[WhiteTitle "IM"]
[BlackTitle "IM"]
[WhiteElo "2457"]
[BlackElo "2415"]
[WhiteFideId "4181751"]
[BlackFideId "1122681"]
[EventDate "2021.05.29"]

1. e4 e5 2. Nf3 Nc6 3. Bb5 a6 4. Ba4 Nf6 5. O-O b5 6. Bb3 Bb7 7. Re1 Bc5 8. c3
d6 9. d4 Bb6 10. h3 O-O 11. Bg5 h6 12. Bh4 g5 13. Nxg5 hxg5 14. Bxg5 exd4 15.
Bd5 dxc3 16. Nxc3 Rb8 17. Qf3 Bd4 18. Rad1 Be5 19. Bxc6 Bxc6 20. Nd5 Bxd5 21.
exd5 Kg7 22. Qf5 Rh8 23. Rd3 Qc8 24. Bxf6+ Bxf6 25. Rg3+ Kf8 26. Qxf6 Rg8 27.
Qe7# 1-0

[Event "Women's Speed Chess Q2"]
[Site "chess.com INT"]
[Date "2021.05.29"]
[Round "9"]
[White "Buksa, Nataliya"]
[Black "Mkrtchian, Lilit"]
[Result "1-0"]
[WhiteTitle "IM"]
[BlackTitle "IM"]
[WhiteElo "2414"]
[BlackElo "2388"]
[WhiteFideId "14123622"]
[BlackFideId "13300601"]
[EventDate "2021.05.29"]

1. e4 e6 2. d4 d5 3. Nd2 Be7 4. Ngf3 Nf6 5. e5 Nfd7 6. Bd3 c5 7. c3 Nc6 8. O-O
a5 9. Re1 cxd4 10. cxd4 Qb6 11. Nb1 Nxd4 12. Nxd4 Qxd4 13. Nc3 Qb6 14. Qg4 Kf8
15. Be3 Qd8 16. Bd4 Nc5 17. Bc2 b6 18. Re3 Bb7 19. Rg3 g6 20. Qf4 Rc8 21. Rf3
Qe8 22. Nb5 Ne4 23. Ba4 Bc6 24. Nd6 Bxd6 25. Bxc6 Rxc6 26. exd6 Rg8 27. Qh6+ 1-0

[Event "Women's Speed Chess Q2"]
[Site "chess.com INT"]
[Date "2021.05.29"]
[Round "9"]
[White "Lujan, Carolina"]
[Black "Mordido, Kylen Joy"]
[Result "0-1"]
[WhiteTitle "IM"]
[BlackTitle "WIM"]
[WhiteElo "2346"]
[BlackElo "2014"]
[WhiteFideId "109878"]
[BlackFideId "5219086"]
[EventDate "2021.05.29"]

1. e4 c5 2. Nf3 e6 3. g3 Nc6 4. Bg2 d6 5. O-O Nf6 6. Re1 Be7 7. c3 e5 8. a3 O-O
9. b4 Qc7 10. d3 Rd8 11. b5 Na5 12. c4 Bg4 13. Nc3 b6 14. Bg5 Qd7 15. Rb1 Nb7
16. Qd2 Ne8 17. Bxe7 Qxe7 18. Nh4 Nc7 19. Nf5 Qf6 20. Nd5 Nxd5 21. cxd5 Bxf5 22.
exf5 Qxf5 23. Be4 Qh5 24. Bg2 Rf8 25. f4 Rae8 26. Rf1 exf4 27. Qxf4 Qe5 28. Qg4
f5 29. Qg5 Qf6 30. Qf4 Re5 31. a4 Na5 32. Rb2 Rfe8 33. Rbf2 g6 34. Qh6 Qg7 35.
Qg5 Qe7 36. Rxf5 Qxg5 37. Rxg5 Rxg5 0-1

[Event "Women's Speed Chess Q2"]
[Site "chess.com INT"]
[Date "2021.05.29"]
[Round "9"]
[White "Eswaran, Ashritha"]
[Black "Linares Napoles, Oleiny"]
[Result "0-1"]
[WhiteTitle "WIM"]
[BlackTitle "WGM"]
[WhiteElo "2244"]
[BlackElo "2255"]
[WhiteFideId "2080788"]
[BlackFideId "3504794"]
[EventDate "2021.05.29"]

1. e4 d6 2. d4 g6 3. Nc3 Bg7 4. Nf3 Nf6 5. Be2 O-O 6. O-O Bg4 7. h3 Bxf3 8. Bxf3
Nc6 9. d5 Ne5 10. Be2 c6 11. f4 Ned7 12. Bf3 Qc7 13. Be3 Rfc8 14. Qd2 cxd5 15.
exd5 Nb6 16. Rae1 Nc4 17. Qc1 Nxe3 18. Qxe3 Re8 19. Kh2 a6 20. a4 Rac8 21. g4
Qc5 22. Qxc5 Rxc5 23. Re3 Nd7 24. Rfe1 Kf8 25. Kg3 Bxc3 26. bxc3 Rc4 27. a5 Ra4
28. f5 Rxa5 29. fxg6 hxg6 30. h4 Ne5 31. Be4 Kg7 32. Rf1 Rh8 33. Re2 Ra3 34. Re3
a5 35. Rb1 Rb8 36. h5 b5 37. hxg6 fxg6 38. Kf4 Ra4 39. Rh1 Rc4 40. Reh3 Rf8+ 41.
Kg5 Nf7+ 42. Kf4 Rxe4+ 43. Kxe4 Ng5+ 44. Ke3 Nxh3 45. Rxh3 Rf1 46. Kd4 a4 47. c4
b4 48. Re3 Rd1+ 49. Ke4 a3 50. Rb3 a2 0-1

[Event "Women's Speed Chess Q2"]
[Site "chess.com INT"]
[Date "2021.05.29"]
[Round "9"]
[White "Sviridova, Vlada"]
[Black "Arabidze, Meri"]
[Result "0-1"]
[WhiteTitle "WFM"]
[BlackTitle "IM"]
[WhiteElo "2144"]
[BlackElo "2436"]
[WhiteFideId "24109606"]
[BlackFideId "13604040"]
[EventDate "2021.05.29"]

1. d4 f5 2. g3 Nf6 3. Bg2 e6 4. c4 c6 5. Nf3 d5 6. O-O Bd6 7. Nc3 O-O 8. Qc2 Qe7
9. Rb1 b6 10. Bg5 Bb7 11. cxd5 exd5 12. Qxf5 h6 13. Bxf6 Rxf6 14. Qc2 c5 15.
dxc5 bxc5 16. Nb5 Na6 17. Nxd6 Qxd6 18. Nd2 Raf8 19. e3 Nb4 20. Qa4 Ba6 21. a3
Bxf1 22. Rxf1 Nd3 23. Qb3 c4 24. Qb5 Rf5 25. f4 Kh8 26. e4 dxe4 27. Qxc4 Qb6+
28. Kh1 Nf2+ 29. Rxf2 Qxf2 30. Nxe4 Qe1+ 31. Bf1 R5f7 32. Nd6 Rc7 0-1

[Event "Women's Speed Chess Q2"]
[Site "chess.com INT"]
[Date "2021.05.29"]
[Round "9"]
[White "Avramidou, Anastasia"]
[Black "Arakhamia-Grant, Ketevan"]
[Result "1-0"]
[WhiteTitle "FM"]
[BlackTitle "GM"]
[WhiteElo "2238"]
[BlackElo "2380"]
[WhiteFideId "4239873"]
[BlackFideId "13600168"]
[EventDate "2021.05.29"]

1. d4 Nf6 2. c4 g6 3. Nc3 Bg7 4. e4 d6 5. Bd3 O-O 6. Nge2 e5 7. d5 c6 8. O-O
cxd5 9. cxd5 Nh5 10. Kh1 f5 11. exf5 gxf5 12. f4 a6 13. Be3 Nf6 14. h3 e4 15.
Bc2 Nbd7 16. Nd4 Nb6 17. Bb3 Kh8 18. a4 Bd7 19. a5 Nc8 20. Ne6 Bxe6 21. dxe6 Ne7
22. Bb6 Qb8 23. Qd2 Rc8 24. Rad1 Rc6 25. Ba4 d5 26. Bxc6 bxc6 27. Ne2 Qd6 28.
Rc1 Qxe6 29. Nd4 Qd7 30. Bc5 Ng6 31. Ba3 Rc8 32. Qe2 1-0

[Event "Women's Speed Chess Q2"]
[Site "chess.com INT"]
[Date "2021.05.29"]
[Round "9"]
[White "Kiolbasa, Oliwia"]
[Black "Golubeva, Oksana"]
[Result "0-1"]
[WhiteTitle "WIM"]
[BlackTitle "WFM"]
[WhiteElo "2255"]
[BlackElo "2179"]
[WhiteFideId "1154613"]
[BlackFideId "4170164"]
[EventDate "2021.05.29"]

1. e4 e6 2. d4 d5 3. e5 c5 4. c3 Bd7 5. Nf3 Qb6 6. Be2 Nc6 7. Na3 Nh6 8. Nc2 Be7
9. Bxh6 gxh6 10. h4 Qxb2 11. O-O Qxc3 12. Rc1 c4 13. h5 O-O-O 14. Nh2 Rhg8 15.
Ng4 Bf8 16. Rb1 Rg5 17. f4 Rg8 18. Rf3 Qa5 19. Nf6 Rg7 20. Qc1 Be7 21. Qb2 b6
22. Bd1 Qd2 23. Rf2 Qd3 24. Ng4 Bh4 25. Rf3 Qd2 26. Nge3 Rdg8 27. g4 Rxg4+ 28.
Nxg4 Rxg4+ 29. Kf1 Qg2# 0-1

[Event "Women's Speed Chess Q2"]
[Site "chess.com INT"]
[Date "2021.05.29"]
[Round "9"]
[White "Starosta, Martyna"]
[Black "Ortez, Andrea"]
[Result "1-0"]
[WhiteTitle "WCM"]
[BlackTitle "WIM"]
[WhiteElo "1910"]
[BlackElo "1969"]
[WhiteFideId "21818754"]
[BlackFideId "6702392"]
[EventDate "2021.05.29"]

1. e4 c5 2. Nf3 Nc6 3. d4 cxd4 4. Nxd4 g6 5. Be3 Bg7 6. Nc3 Nf6 7. f3 O-O 8. g4
Qb6 9. Qd2 Nxe4 10. Nxc6 Nxd2 11. Nxe7+ Kh8 12. Bxb6 Nxf3+ 13. Kf2 Nxh2 14. Rxh2
axb6 15. Ned5 Bd4+ 16. Kf3 d6 17. Rd1 Bxc3 18. Nxc3 f5 19. Rxd6 fxg4+ 20. Kg2
Bf5 21. Bd3 Rae8 22. Bxf5 gxf5 23. Rd7 Re2+ 24. Nxe2 1-0

[Event "Women's Speed Chess Q2"]
[Site "chess.com INT"]
[Date "2021.05.29"]
[Round "9"]
[White "Selkirk, Rebecca"]
[Black "Vine, Elzbieta"]
[Result "1-0"]
[WhiteTitle "WCM"]
[BlackTitle "WFM"]
[WhiteElo "1799"]
[BlackElo "2138"]
[WhiteFideId "14306514"]
[BlackFideId "1119320"]
[EventDate "2021.05.29"]

1. e4 c5 2. Nf3 Nc6 3. d4 Nxd4 4. Nxd4 Nf6 5. Nf3 Nxe4 6. Bd3 Nf6 7. O-O e6 8.
Bg5 d5 9. c3 h6 10. Bh4 g5 11. Bg3 g4 12. Ne5 h5 13. f3 Bd6 14. fxg4 Bxe5 15.
Bxe5 Nxg4 16. Bxh8 Qh4 17. Bb5+ Bd7 18. Bxd7+ Kxd7 19. Qa4+ Ke7 20. h3 Rxh8 21.
Qf4 f5 22. Nd2 Qf6 23. hxg4 hxg4 24. Qc7+ Kf8 25. Rae1 Rh1+ 26. Kxh1 Qh4+ 27.
Kg1 g3 28. Nf3 Qh6 29. Qd6+ Kf7 30. Ne5+ Kf6 31. Qd8+ Kg7 32. Qe7+ Kg8 33. Qf7+
Kh8 34. Ng6+ 1-0

[Event "Women's Speed Chess Q2"]
[Site "chess.com INT"]
[Date "2021.05.29"]
[Round "9"]
[White "Vo, Thi Kim Phung"]
[Black "Arpita, Mukherjee"]
[Result "1-0"]
[WhiteTitle "WGM"]
[BlackTitle "WIM"]
[WhiteElo "2335"]
[BlackElo "2206"]
[WhiteFideId "12401838"]
[BlackFideId "5056403"]
[EventDate "2021.05.29"]

1. d4 Nf6 2. c4 g6 3. Nc3 Bg7 4. e4 d6 5. Nf3 O-O 6. Be2 e5 7. O-O Nc6 8. d5 Ne7
9. Ne1 Nd7 10. Be3 f5 11. f3 f4 12. Bf2 g5 13. Nd3 a5 14. c5 Nf6 15. Rc1 Ng6 16.
Nb5 g4 17. cxd6 cxd6 18. Nc7 g3 19. hxg3 fxg3 20. Bxg3 Nh5 21. Bh2 Bh6 22. f4
Nhxf4 23. Nxf4 Nxf4 24. Nxa8 Nxe2+ 25. Qxe2 Bxc1 26. Rxc1 Qg5 27. Rf1 Bg4 28.
Rxf8+ Kxf8 29. Qf2+ Ke7 30. Bg3 Qc1+ 31. Kh2 Qc4 32. Bh4+ Ke8 33. Qf6 1-0

[Event "Women's Speed Chess Q2"]
[Site "chess.com INT"]
[Date "2021.05.29"]
[Round "9"]
[White "Franco Valencia, Angela"]
[Black "Komiagina, Maria"]
[Result "1-0"]
[WhiteTitle "WIM"]
[BlackTitle "WIM"]
[WhiteElo "2089"]
[BlackElo "2241"]
[WhiteFideId "4403070"]
[BlackFideId "4153987"]
[EventDate "2021.05.29"]

1. e4 c5 2. Nf3 Nc6 3. d4 cxd4 4. Nxd4 Nf6 5. Nc3 d6 6. g3 Bg4 7. f3 Nxd4 8.
Qxd4 Bxf3 9. Bb5+ Nd7 10. O-O Bh5 11. Be3 a6 12. Qd5 Bg6 13. Bc4 e6 14. Qxb7 Rb8
15. Qxa6 Be7 16. Rab1 O-O 17. Bd4 Qc7 18. Be2 Rb4 19. Qa7 Qxa7 20. Bxa7 Ra8 21.
a3 Rb7 22. Bd4 Nc5 23. Bd3 Rab8 24. b4 Nxd3 25. cxd3 Rc7 26. Rb3 Bg5 27. b5 Rbc8
28. b6 Rb7 29. a4 e5 30. Bf2 Bd2 31. Nd5 Kf8 32. Rd1 1-0

[Event "Women's Speed Chess Q2"]
[Site "chess.com INT"]
[Date "2021.05.29"]
[Round "9"]
[White "Shvedova, Alexandra"]
[Black "Makhija, Aashna"]
[Result "1-0"]
[WhiteTitle "WFM"]
[BlackTitle "WIM"]
[WhiteElo "1976"]
[BlackElo "1969"]
[WhiteFideId "54154782"]
[BlackFideId "25011944"]
[EventDate "2021.05.29"]

1. e4 e5 2. Nf3 Nc6 3. Bc4 Nf6 4. d3 Bc5 5. O-O d6 6. a4 a5 7. c3 O-O 8. h3 h6
9. Nbd2 Be6 10. Re1 Qd7 11. Qb3 Ba7 12. Nf1 Bxh3 13. gxh3 Qxh3 14. Qd1 Nh5 15.
d4 Kh8 16. Be3 exd4 17. cxd4 f5 18. exf5 Rxf5 19. N1h2 Rf6 20. Kh1 Ng3+ 21. fxg3
Qxg3 22. Rg1 Qh3 23. Qf1 Qh5 24. Qg2 g6 25. Qg4 Qxg4 26. Rxg4 Raf8 27. Rf1 Ne7
28. Bxh6 Re8 29. Bg5 Rf5 30. Re1 d5 31. Bd3 Rf7 32. Bxg6 Nxg6 33. Rxe8+ Kg7 34.
Bd2 1-0

[Event "Women's Speed Chess Q2"]
[Site "chess.com INT"]
[Date "2021.05.29"]
[Round "9"]
[White "Eswaran, Aksithi"]
[Black "Mohota, Nisha"]
[Result "0-1"]
[WhiteTitle "WCM"]
[BlackTitle "IM"]
[WhiteElo "1745"]
[BlackElo "2195"]
[WhiteFideId "2083485"]
[BlackFideId "5004330"]
[EventDate "2021.05.29"]

1. e4 Nf6 2. e5 Nd5 3. c4 Nb6 4. c5 Nd5 5. Nc3 c6 6. Nxd5 cxd5 7. d4 d6 8. cxd6
exd6 9. Nf3 Nc6 10. Be2 Be7 11. O-O O-O 12. Bf4 Be6 13. Qd2 Rc8 14. Rac1 Bg4 15.
h3 Bf5 16. Bg3 Be4 17. Rfe1 h6 18. Qe3 Re8 19. Nd2 dxe5 20. Bxe5 Nxe5 21. dxe5
Bb4 22. Red1 Rxc1 23. Rxc1 Rxe5 24. Bg4 Qe7 25. Nxe4 dxe4 26. Rc8+ Kh7 27. Qb3
Bc5 28. Qc3 Bb6 29. Kh1 e3 30. Qc2+ g6 0-1

[Event "Women's Speed Chess Q2"]
[Site "chess.com INT"]
[Date "2021.05.29"]
[Round "9"]
[White "Perez Rodriguez, Jennifer"]
[Black "Antova, Gabriela"]
[Result "1-0"]
[WhiteTitle "WIM"]
[BlackTitle "FM"]
[WhiteElo "2251"]
[BlackElo "2250"]
[WhiteFideId "3507831"]
[BlackFideId "2915235"]
[EventDate "2021.05.29"]

1. e4 c5 2. c3 d5 3. exd5 Qxd5 4. d4 Nf6 5. Nf3 e6 6. Be3 cxd4 7. cxd4 Nc6 8.
Nc3 Qd6 9. Bd3 Be7 10. a3 O-O 11. O-O b6 12. Qe2 Bb7 13. Rad1 Rac8 14. Rfe1 Rfd8
15. Bb1 Na5 16. Ne5 g6 17. Bg5 Nc6 18. Nb5 Qd5 19. Bxf6 Nxd4 20. Qg4 Bxf6 21.
Rxd4 Qxb5 22. Rxd8+ Rxd8 23. f4 Qxb2 24. h4 Rd2 25. Nf3 Re2 26. Rd1 h5 27. Qg3
Kg7 28. Bd3 Re3 29. Bxg6 1-0

[Event "Women's Speed Chess Q2"]
[Site "chess.com INT"]
[Date "2021.05.29"]
[Round "9"]
[White "Priyanka, K"]
[Black "Nguyen, Thi Mai Hung"]
[Result "0-1"]
[WhiteTitle "WIM"]
[BlackTitle "WGM"]
[WhiteElo "2218"]
[BlackElo "2254"]
[WhiteFideId "5082986"]
[BlackFideId "12401676"]
[EventDate "2021.05.29"]

1. e4 e6 2. d4 d5 3. Nc3 Nf6 4. Bg5 dxe4 5. Nxe4 Nbd7 6. Nf3 h6 7. Bxf6 Nxf6 8.
Bd3 Be7 9. Nxf6+ Bxf6 10. O-O O-O 11. a4 b6 12. Be4 Rb8 13. a5 c5 14. axb6 Qxb6
15. c3 cxd4 16. cxd4 Rd8 17. Qa4 Bxd4 18. Nxd4 Qxd4 19. Rfd1 Qb6 20. Qxa7 Rxd1+
21. Rxd1 f5 22. Qxb6 Rxb6 23. Rd8+ Kf7 24. Rxc8 fxe4 25. Rc2 Rb3 26. Kf1 e3 27.
f3 Kf6 28. Ke2 Ke5 29. g3 g5 0-1

[Event "Women's Speed Chess Q2"]
[Site "chess.com INT"]
[Date "2021.05.29"]
[Round "9"]
[White "Nguyen, Thi Thanh An"]
[Black "Bommini, Mounika Akshaya"]
[Result "1-0"]
[WhiteTitle "WGM"]
[BlackTitle "WFM"]
[WhiteElo "2259"]
[BlackElo "2029"]
[WhiteFideId "12400300"]
[BlackFideId "25019872"]
[EventDate "2021.05.29"]

1. d4 Nf6 2. Bf4 c5 3. e3 d5 4. c3 Nc6 5. Nf3 Qb6 6. Qc2 Bf5 7. dxc5 Bxc2 8.
cxb6 axb6 9. Na3 Be4 10. Nb5 Kd7 11. a3 Bxf3 12. gxf3 e5 13. Bh3+ Kd8 14. Bg3
Be7 15. O-O-O Ra5 16. c4 h5 17. Bh4 Nb8 18. Bxf6 gxf6 19. Rxd5+ Ke8 20. Rg1 Kf8
21. Nc3 Rg8 22. Rxg8+ Kxg8 23. Bc8 Ra7 24. Nb5 1-0

[Event "Women's Speed Chess Q2"]
[Site "chess.com INT"]
[Date "2021.05.29"]
[Round "9"]
[White "Froewis, Annika"]
[Black "Zaichenko, Daria"]
[Result "1-0"]
[WhiteTitle "WFM"]
[BlackTitle "WFM"]
[WhiteElo "2143"]
[BlackElo "2104"]
[WhiteFideId "1621432"]
[BlackFideId "4197453"]
[EventDate "2021.05.29"]

1. e4 e5 2. Nf3 Nc6 3. d4 exd4 4. Bc4 Nf6 5. e5 d5 6. Bb5 Ne4 7. Nxd4 Bd7 8. O-O
Nxd4 9. Bxd7+ Qxd7 10. Qxd4 Bc5 11. Qd3 Kf8 12. Nc3 Kg8 13. Nxe4 Bb6 14. Nf6+
gxf6 15. Qg3+ Kf8 16. exf6 Ke8 17. Qg7 Rf8 18. Bh6 Bc5 19. Rfe1+ Kd8 20. Qxh7
Re8 21. Rxe8+ Qxe8 22. Rd1 c6 23. Bf4 b6 24. Qf5 Qe2 25. Rxd5+ cxd5 26. Qxd5+
Ke8 27. Qxa8+ Kd7 28. Qb7+ Ke6 29. Qc6+ Kf5 30. Qd5+ Kxf4 31. g3+ Kg4 32. h3+
Kxh3 33. Qf5+ Qg4 34. Qh7+ Qh5 35. Qxh5# 1-0

[Event "Women's Speed Chess Q2"]
[Site "chess.com INT"]
[Date "2021.05.29"]
[Round "9"]
[White "Swati, Mohota"]
[Black "Grigoryan, Meri"]
[Result "0-1"]
[WhiteTitle "WFM"]
[BlackTitle "WFM"]
[WhiteElo "2027"]
[BlackElo "2044"]
[WhiteFideId "5006511"]
[BlackFideId "13300571"]
[EventDate "2021.05.29"]

1. d4 d5 2. Nf3 Nf6 3. g3 c5 4. Bg2 Nc6 5. c3 cxd4 6. cxd4 Bf5 7. O-O e6 8. Qb3
Rb8 9. Bf4 Bd6 10. Bxd6 Qxd6 11. Nc3 O-O 12. Nb5 Qe7 13. e3 Ne4 14. Rac1 a6 15.
Nc3 Rfc8 16. Nxe4 Bxe4 17. Nd2 Bg6 18. Rc3 Nb4 19. a3 Rxc3 20. Qxc3 Nc6 21. Rc1
Rc8 22. Qc5 Qd7 23. Qb6 h6 24. Nb3 Ne7 25. Rxc8+ Nxc8 26. Qc5 Nd6 27. Na5 Ne4
28. Qb6 Qa4 0-1

[Event "Women's Speed Chess Q2"]
[Site "chess.com INT"]
[Date "2021.05.29"]
[Round "9"]
[White "Agrest, Inna"]
[Black "Nguyen, Hong Anh"]
[Result "0-1"]
[WhiteTitle "WIM"]
[BlackTitle "WIM"]
[WhiteElo "2285"]
[BlackElo "1993"]
[WhiteFideId "1708830"]
[BlackFideId "12406732"]
[EventDate "2021.05.29"]

1. e4 c5 2. Nf3 Nc6 3. d4 cxd4 4. Nxd4 g6 5. Nc3 Bg7 6. Be3 Nf6 7. Bc4 Qa5 8.
O-O d6 9. h3 O-O 10. Bb3 Bd7 11. Kh1 Rac8 12. f4 Nh5 13. Nde2 b5 14. a3 Qd8 15.
Nxb5 Bxb2 16. Rb1 Bg7 17. Nbc3 Na5 18. Nd5 Nxb3 19. cxb3 Bb5 20. Bf2 e6 21. Ne3
Bxe2 22. Qxe2 Nxf4 23. Qf3 Nd3 24. Bg3 Rc3 25. Qe2 Nc5 26. Qf3 Qg5 27. Bf4 Qe7
28. Rbd1 Nd3 29. Bg3 Rxb3 30. Qe2 Ne5 31. Bxe5 Bxe5 32. Nc4 Bg7 33. Nxd6 Qh4 34.
e5 Qg5 35. Rfe1 Rxa3 36. Rd4 Ra5 37. Nc4 Rc5 38. Rg4 Qh5 39. Qe4 Qf5 40. Qe2 h5
41. Re4 Qg5 42. Rf1 Rfc8 43. Nd6 Rc2 44. Qf3 R8c7 45. Nxf7 Qf5 0-1